[Event "POL-chT 2nd League"]
[Site "Wysowa"]
[Date "2007.09.10"]
[Round "8"]
[White "Jackowska, Aleksandra"]
[Black "Sosnowska, Elzbieta"]
[Result "1/2-1/2"]
[WhiteElo "2014"]
[BlackElo "2010"]
[PlyCount "97"]
[EventDate "2007.09.03"]
[EventType "team-swiss"]
[EventRounds "9"]
[EventCountry "POL"]
[SourceTitle "EXT 2010"]
[Source "ChessBase"]
[SourceDate "2010.11.25"]
[SourceVersion "1"]
[SourceVersionDate "2010.11.25"]
[SourceQuality "1"]
[WhiteTeam "Myslenice MLKSz"]
[BlackTeam "Pultusk Nadnarwianka"]
[WhiteTeamCountry "POL"]
[BlackTeamCountry "POL"]

1. e4 e5 2. Nc3 Nf6 3. Bc4 Bc5 4. d3 d6 5. Nge2 0-0 6. 0-0 Nc6 7. Bg5 h6 8. Bxf6 Qxf6 9. Nd5 Qd8 10. c3 a6 11. b4 Ba7 12. Kh1 Ne7 13. f4 Be6 14. f5 Bxd5 15. exd5 f6 16. Ng3 Kh8 17. Qg4 Rb8 18. Nh5 Rf7 19. Rf3 c6 20. dxc6 d5 21. Bb3 bxc6 22. Rg3 Qf8 23. Rf1 Rb7 24. Qh3 Ng8 25. Rg4 Qd8 26. c4 Rxb4 27. Rh4 a5 28. cxd5 Rxh4 29. Qxh4 cxd5 30. Qa4 Rd7 31. Qc6 Be3 32. Ng3 Ne7 33. Qb5 Qc7 34. Ne2 Rd8 35. h3 Qb6 36. Qxb6 Bxb6 37. g4 Be3 38. Kg2 d4 39. Kf3 Nd5 40. Ke4 Nb6 41. Rb1 Nd7 42. Kd5 Nf8+ 43. Kc6 Rb8 44. Kc7 Rb5 45. Kc6 Rb4 46. a3 Rb8 47. Kc7 Rb5 48. Kc6 Rb8 49. Kc7 1/2-1/2

[Event "Zlota Wieza op 49th"]
[Site "Gniezno"]
[Date "2007.05.24"]
[Round "7"]
[White "Golek, Jagoda"]
[Black "Jackowska, Aleksandra"]
[Result "1/2-1/2"]
[WhiteElo "1956"]
[BlackElo "2019"]
[PlyCount "105"]
[EventDate "2007.05.20"]
[EventType "swiss"]
[EventRounds "9"]
[EventCountry "POL"]
[SourceTitle "EXT 2011"]
[Source "ChessBase"]
[SourceDate "2010.11.26"]
[SourceVersion "1"]
[SourceVersionDate "2010.11.26"]
[SourceQuality "1"]

1. e4 c6 2. d4 d5 3. e5 Bf5 4. Nc3 e6 5. g4 Bg6 6. Nge2 Nd7 7. h4 c5 8. h5 Be4 9. Nxe4 dxe4 10. c3 cxd4 11. cxd4 Nb6 12. Bg2 Qd5 13. 0-0 Ne7 14. Nc3 Qd7 15. Bxe4 Nc6 16. Be3 Be7 17. Rc1 0-0 18. Ne2 Rac8 19. a3 Nd5 20. Qd3 h6 21. Bd2 Bd8 22. Qf3 Nde7 23. Bc3 f5 24. exf6 Rxf6 25. Qg2 Nd5 26. Bd2 Rf8 27. Be3 Be7 28. Bb1 Nf6 29. Ba2 Nd5 30. Qe4 Rce8 31. Nc3 Rd8 32. Ne2 Bh4 33. Rcd1 Nce7 34. f4 a6 35. Bf2 Bxf2+ 36. Rxf2 Qd6 37. Rdf1 Nc6 38. Nc3 Rfe8 39. Ne2 Nf6 40. Qf3 Nxd4 41. Nxd4 Qxd4 42. Kg2 Ne4 43. Re2 Nd2 44. Qf2 Nxf1 45. Qxf1 Rd6 46. Qf3 Qd1 47. Bb3 Qd4 48. f5 b5 49. fxe6 Qf6 50. Qg3 Rd4 51. Rf2 Qg5 52. e7+ Rc4 53. Bxc4+ 1/2-1/2

[Event "POL-chT 2nd League"]
[Site "Lublin"]
[Date "2006.09.02"]
[Round "1.78"]
[White "Jackowska, Aleksandra"]
[Black "Zajkowska, Olga"]
[Result "1-0"]
[WhiteElo "2013"]
[BlackElo "1867"]
[PlyCount "69"]
[EventDate "2006.09.02"]
[EventType "team-swiss"]
[EventRounds "9"]
[EventCountry "POL"]
[SourceTitle "EXT 2019"]
[Source "ChessBase"]
[SourceDate "2018.10.10"]
[SourceVersion "1"]
[SourceVersionDate "2018.10.10"]
[SourceQuality "1"]
[WhiteTeam "Myslenice MLKSz"]
[BlackTeam "Warszawa YMCA"]
[WhiteTeamCountry "POL"]
[BlackTeamCountry "POL"]

1. e4 d6 2. d4 Nf6 3. Nc3 g6 4. f4 Bg7 5. Nf3 c5 6. dxc5 Qa5 7. Bd3 Qxc5 8. Qe2 Bg4 9. Be3 Qa5 10. 0-0 0-0 11. h3 Bxf3 12. Rxf3 Nc6 13. Kh2 Nd7 14. Nd1 Nd4 15. Bxd4 Bxd4 16. c3 Bg7 17. Ne3 Qd8 18. Rd1 a6 19. a4 Bh6 20. Bc2 Rb8 21. Nd5 Re8 22. Kh1 Bf8 23. Rg3 e6 24. Ne3 Qf6 25. f5 exf5 26. exf5 Bh6 27. fxg6 hxg6 28. Re1 Re7 29. Qc4 Ne5 30. Qd4 Qf2 31. Nf5 Qxe1+ 32. Kh2 Rbe8 33. Nxh6+ Kh7 34. Nf5 Nc6 35. Qg7# 1-0

[Event "Krakow op-B"]
[Site "Krakow"]
[Date "2006.01.03"]
[Round "8"]
[White "Jackowska, Aleksandra"]
[Black "Belzo, Krzysztof"]
[Result "1/2-1/2"]
[WhiteElo "1991"]
[BlackElo "1974"]
[PlyCount "118"]
[EventDate "2005.12.27"]
[EventType "swiss"]
[EventRounds "9"]
[EventCountry "POL"]
[SourceTitle "CBM 110 Extra"]
[Source "ChessBase"]
[SourceDate "2006.03.10"]
[SourceVersion "2"]
[SourceVersionDate "2006.03.10"]
[SourceQuality "1"]

1. e4 c5 2. Nf3 g6 3. d4 Bg7 4. Nc3 Qa5 5. Be3 Nf6 6. Qd2 Nc6 7. d5 Nb4 8. Bc4 Nxe4 9. Nxe4 Nxc2+ 10. Ke2 Qxd2+ 11. Kxd2 Nxa1 12. Rxa1 Bxb2 13. Rb1 Bg7 14. d6 e6 15. Nxc5 b6 16. Na6 0-0 17. Nc7 Rb8 18. Bd4 f6 19. Rb3 Rf7 20. Ra3 Bf8 21. Ne8 Bh6+ 22. Kd3 Bf4 23. Nxf6+ Kf8 24. Ne4 b5 25. Bb3 Bb7 26. Bxa7 Bxe4+ 27. Kxe4 Bxd6 28. Bxb8 Bxa3 29. Ba7 d5+ 30. Ke5 Rxa7 31. Kxe6 Re7+ 32. Kxd5 Re2 33. Nd4 Rxf2 34. Nxb5 Bb4 35. g4 Rxh2 36. Ke4 Rf2 37. Nd4 Kg7 38. a4 Kf6 39. Nc6 Bc3 40. a5 Rf1 41. a6 Ra1 42. a7 Be1 43. Kf3 Ra3 44. Ke2 Bg3 45. Bd5 Ra6 46. Bc4 Ra1 47. Bd5 Kg5 48. Na5 Rxa5 49. a8Q Rxa8 50. Bxa8 Kxg4 51. Be4 Kf4 52. Bc2 Kg5 53. Kf3 Bd6 54. Bd3 Kf6 55. Kg4 Bb4 56. Bc2 h5+ 57. Kh3 g5 58. Bd1 Kg6 59. Be2 Bd6 1/2-1/2

[Event "Krakow op-B"]
[Site "Krakow"]
[Date "2005.12.31"]
[Round "6"]
[White "Jackowska, Aleksandra"]
[Black "Mucha, Roman"]
[Result "0-1"]
[WhiteElo "1991"]
[BlackElo "2071"]
[PlyCount "64"]
[EventDate "2005.12.27"]
[EventType "swiss"]
[EventRounds "9"]
[EventCountry "POL"]
[SourceTitle "CBM 110 Extra"]
[Source "ChessBase"]
[SourceDate "2006.03.10"]
[SourceVersion "2"]
[SourceVersionDate "2006.03.10"]
[SourceQuality "1"]

1. e4 d6 2. d4 Nf6 3. Nc3 c6 4. f4 Qb6 5. Nf3 Bg4 6. Be2 e6 7. Qd3 d5 8. 0-0 dxe4 9. Nxe4 Nxe4 10. Qxe4 Bf5 11. Qe3 Bxc2 12. b3 Nd7 13. Kh1 Be7 14. Bb2 Bf5 15. Nd2 Nf6 16. Nc4 Qc7 17. Ne5 h5 18. Bd3 g6 19. Rae1 Rh7 20. Rc1 Ng4 21. Qf3 Nxe5 22. dxe5 Bxd3 23. Qxd3 Rd8 24. Qg3 Qd7 25. f5 Qd3 26. Qxd3 Rxd3 27. f6 Bd8 28. Rfd1 Rd5 29. Kg1 h4 30. Re1 Rh5 31. Re2 Rf5 32. Rf1 Bb6+ 0-1

[Event "Krakow op-B"]
[Site "Krakow"]
[Date "2005.12.30"]
[Round "5"]
[White "Gajdzica, Maciej"]
[Black "Jackowska, Aleksandra"]
[Result "1/2-1/2"]
[WhiteElo "2049"]
[BlackElo "1991"]
[PlyCount "62"]
[EventDate "2005.12.27"]
[EventType "swiss"]
[EventRounds "9"]
[EventCountry "POL"]
[SourceTitle "CBM 110 Extra"]
[Source "ChessBase"]
[SourceDate "2006.03.10"]
[SourceVersion "2"]
[SourceVersionDate "2006.03.10"]
[SourceQuality "1"]

1. d4 d5 2. c4 c6 3. Nc3 Nf6 4. Nf3 e6 5. Bg5 Be7 6. e3 Nbd7 7. Qc2 0-0 8. cxd5 Nxd5 9. Bxe7 Qxe7 10. a3 Nxc3 11. bxc3 e5 12. Bd3 h6 13. 0-0 Re8 14. e4 b5 15. Rfe1 Bb7 16. Qb3 a6 17. Rad1 Rac8 18. a4 Ba8 19. Bf1 Rb8 20. Qa2 exd4 21. cxd4 Bb7 22. axb5 axb5 23. d5 Ne5 24. Nd4 Qc5 25. dxc6 Bxc6 26. Nxc6 Qxc6 27. Rd5 Nc4 28. Qa7 Ra8 29. Qc5 Qxc5 30. Rxc5 Nd6 31. e5 b4 1/2-1/2

[Event "Augustow op"]
[Site "Augustow"]
[Date "2004.??.??"]
[Round "5"]
[White "Ostrowska, Dominika"]
[Black "Jackowska, Aleksandra"]
[Result "0-1"]
[WhiteElo "1800"]
[BlackElo "1978"]
[PlyCount "82"]
[EventDate "2004.08.??"]
[EventType "swiss"]
[EventRounds "9"]
[EventCountry "POL"]
[SourceTitle "EXT 2008"]
[Source "ChessBase"]
[SourceDate "2007.11.25"]
[SourceVersion "1"]
[SourceVersionDate "2007.11.25"]
[SourceQuality "1"]

1. e4 c6 2. d4 d5 3. Nd2 dxe4 4. Nxe4 Nd7 5. Bc4 Ngf6 6. Ng3 e6 7. N1e2 Nb6 8. Bd3 c5 9. c3 Bd7 10. 0-0 Be7 11. f4 g6 12. Qe1 Bc6 13. Kh1 h5 14. h4 Ng4 15. Ng1 cxd4 16. Bxg6 fxg6 17. Qxe6 Qd6 18. Qxd6 Bxd6 19. cxd4 0-0-0 20. N1e2 Be7 21. f5 Bxh4 22. fxg6 Bxg3 23. Nxg3 h4 24. g7 hxg3+ 25. gxh8Q Rxh8+ 26. Kg1 Nf2 27. Rxf2 gxf2+ 28. Kxf2 Rh2 29. Bf4 Rxg2+ 30. Ke3 Nd5+ 31. Kf3 Nxf4+ 32. Kxf4 Rxb2 33. Ke5 Kd7 34. d5 Re2+ 35. Kd4 Rd2+ 36. Kc3 Rxd5 37. a4 Ra5 38. Kb4 Rxa4+ 39. Rxa4 Bxa4 40. Kxa4 Kc6 41. Kb4 Kb6 0-1

[Event "Wroclaw-ch"]
[Site "Wroclaw"]
[Date "2003.??.??"]
[Round "9"]
[White "Jackowska, Aleksandra"]
[Black "Motyl, Tomasz"]
[Result "1-0"]
[WhiteElo "2030"]
[BlackElo "2125"]
[PlyCount "102"]
[EventDate "2003.??.??"]
[EventType "swiss"]
[EventRounds "9"]
[EventCountry "POL"]
[SourceTitle "EXT 2007"]
[Source "ChessBase"]
[SourceDate "2006.11.23"]
[SourceVersion "1"]
[SourceVersionDate "2006.11.23"]
[SourceQuality "1"]

1. e4 e5 2. Nf3 Nc6 3. Nc3 Nf6 4. Bb5 Bb4 5. 0-0 0-0 6. d3 Bxc3 7. bxc3 d6 8. h3 Ne7 9. Re1 a6 10. Bc4 b5 11. Bb3 c5 12. Bd2 Bb7 13. c4 b4 14. c3 a5 15. Ba4 Qc7 16. Qc2 Bc6 17. Bb5 Rfb8 18. a4 bxa3 19. Reb1 Qd7 20. Qa4 Ne8 21. Rxa3 Nc7 22. Rab3 Bxb5 23. cxb5 Nc8 24. c4 Nb6 25. Qa2 a4 26. Ra3 f5 27. Qc2 Rf8 28. Rd1 Ne6 29. Be3 Qf7 30. exf5 Qxf5 31. Nd2 Rf6 32. Ne4 Rg6 33. Ng3 Qf7 34. Kh2 Rf8 35. f3 Nf4 36. Qf2 h5 37. Rg1 d5 38. Bxc5 h4 39. Ne2 Nxe2 40. Qxe2 Qf4+ 41. Kh1 Rc8 42. Bxb6 Rxb6 43. Rxa4 dxc4 44. dxc4 Rd6 45. Qe4 Qxe4 46. fxe4 Rd4 47. b6 Rb8 48. Rb1 Rxe4 49. b7 Rf4 50. Ra8 Rff8 51. Rxb8 Rxb8 1-0

[Event "Wroclaw-ch"]
[Site "Wroclaw"]
[Date "2003.??.??"]
[Round "1"]
[White "Jasik, Krzysztof"]
[Black "Jackowska, Aleksandra"]
[Result "1-0"]
[WhiteElo "2340"]
[BlackElo "2030"]
[PlyCount "75"]
[EventDate "2003.??.??"]
[EventType "swiss"]
[EventRounds "9"]
[EventCountry "POL"]
[SourceTitle "EXT 2007"]
[Source "ChessBase"]
[SourceDate "2006.11.23"]
[SourceVersion "1"]
[SourceVersionDate "2006.11.23"]
[SourceQuality "1"]

1. e4 c6 2. d4 d5 3. Nc3 dxe4 4. Nxe4 Nd7 5. Nf3 Ngf6 6. Ng3 e6 7. Bd3 Be7 8. 0-0 c5 9. Qe2 0-0 10. Rd1 Re8 11. c4 b6 12. dxc5 Bxc5 13. Ne4 Qc7 14. Nxc5 Nxc5 15. Bc2 Bb7 16. Bg5 Ncd7 17. Nd4 a6 18. Rac1 Qe5 19. Be3 Rac8 20. b4 Nf8 21. f3 Ng6 22. Bb1 Ne7 23. Qf2 Red8 24. a4 a5 25. b5 Nd7 26. Nb3 Qc7 27. Bxh7+ Kxh7 28. Qh4+ Kg8 29. Qxe7 Nf8 30. Qxc7 Rxd1+ 31. Rxd1 Rxc7 32. Bxb6 Rc8 33. Nxa5 Ba8 34. Rd8 Rxd8 35. Bxd8 Nd7 36. b6 Nc5 37. Bc7 Nb7 38. Nb3 1-0

[Event "POL-ch U18 Girls"]
[Site "Krynica"]
[Date "2003.??.??"]
[Round "5"]
[White "Licznerska, Dorota"]
[Black "Jackowska, Aleksandra"]
[Result "1/2-1/2"]
[WhiteElo "1800"]
[BlackElo "2000"]
[PlyCount "141"]
[EventDate "2003.??.??"]
[EventType "swiss"]
[EventRounds "11"]
[EventCountry "POL"]
[SourceTitle "EXT 2007"]
[Source "ChessBase"]
[SourceDate "2006.11.23"]
[SourceVersion "1"]
[SourceVersionDate "2006.11.23"]
[SourceQuality "1"]

1. e4 c6 2. d4 d5 3. exd5 cxd5 4. Bd3 Nc6 5. c3 g6 6. Nf3 Nh6 7. Bf4 Bf5 8. Na3 Bxd3 9. Qxd3 Nf5 10. 0-0 Bg7 11. Rfe1 0-0 12. Nc2 f6 13. Re6 Qd7 14. Rae1 Rae8 15. h3 Nd8 16. R6e2 e6 17. Na3 Re7 18. Qb5 Nc6 19. Qb3 a6 20. Nc2 b5 21. Nb4 Nxb4 22. Qxb4 Rfe8 23. g4 Nh6 24. Qd6 Qc8 25. Bg3 Nf7 26. Qb4 Qc6 27. Nd2 e5 28. Nb3 e4 29. Na5 Qd7 30. Nb3 Ng5 31. Kg2 h5 32. Nc5 Qc8 33. Qb3 Qc6 34. a4 Nf3 35. Ra1 bxa4 36. Qxa4 Qxa4 37. Rxa4 Ra7 38. Rxa6 Rxa6 39. Nxa6 Ra8 40. Nc7 Ra1 41. Bh2 Ne1+ 42. Kg3 Bf8 43. Rxe1 Rxe1 44. Nxd5 Bd6+ 45. Kg2 Bxh2 46. Kxh2 hxg4 47. Nxf6+ Kg7 48. Nxg4 Rb1 49. Kg3 Rxb2 50. c4 Rd2 51. d5 Rd4 52. Ne3 Kf6 53. Kf4 g5+ 54. Kg3 Rd3 55. c5 Rc3 56. c6 Rc5 57. Kg4 Rc1 58. Kg3 Rc5 59. f4 Rc3 60. fxg5+ Kxg5 61. h4+ Kf6 62. Kf4 Rc1 63. Kxe4 Rh1 64. d6 Rxh4+ 65. Kd5 Rh5+ 66. Kd4 Ke6 67. d7 Ke7 68. Nd5+ Kd8 69. Kc5 Rh7 70. Kd6 Rxd7+ 71. cxd7 1/2-1/2

[Event "Wroclaw-ch"]
[Site "Wroclaw"]
[Date "2003.??.??"]
[Round "3"]
[White "Polishchuk, Oleg"]
[Black "Jackowska, Aleksandra"]
[Result "1-0"]
[WhiteElo "2200"]
[BlackElo "2030"]
[PlyCount "75"]
[EventDate "2003.??.??"]
[EventType "swiss"]
[EventRounds "9"]
[EventCountry "POL"]
[SourceTitle "EXT 2007"]
[Source "ChessBase"]
[SourceDate "2006.11.23"]
[SourceVersion "1"]
[SourceVersionDate "2006.11.23"]
[SourceQuality "1"]

1. d4 d5 2. c4 c6 3. Nc3 Nf6 4. Nf3 dxc4 5. a4 Bf5 6. g3 e6 7. Nh4 Be4 8. f3 Bg6 9. e4 e5 10. dxe5 Qxd1+ 11. Kxd1 Nfd7 12. Nxg6 hxg6 13. f4 Na6 14. Bxc4 Nb4 15. Be3 Rd8 16. Ke2 Nc2 17. Rad1 Nxe3 18. Kxe3 Bc5+ 19. Kf3 Ke7 20. h4 a6 21. Ba2 Bb4 22. Bb1 Bxc3 23. bxc3 Nc5 24. Bc2 Rxd1 25. Rxd1 Rd8 26. Rd4 Ne6 27. Rxd8 Kxd8 28. f5 Nc5 29. Kf4 Ke7 30. Kg5 gxf5 31. exf5 Kf8 32. f6 g6 33. a5 Kg8 34. Bxg6 fxg6 35. Kxg6 Ne6 36. h5 Nf8+ 37. Kf5 Kf7 38. g4 1-0

[Event "POL-ch U18 Girls"]
[Site "Krynica"]
[Date "2003.??.??"]
[Round "10"]
[White "Staszewska, Anna"]
[Black "Jackowska, Aleksandra"]
[Result "0-1"]
[WhiteElo "2000"]
[BlackElo "2000"]
[PlyCount "126"]
[EventDate "2003.??.??"]
[EventType "swiss"]
[EventRounds "11"]
[EventCountry "POL"]
[SourceTitle "EXT 2007"]
[Source "ChessBase"]
[SourceDate "2006.11.23"]
[SourceVersion "1"]
[SourceVersionDate "2006.11.23"]
[SourceQuality "1"]

1. e4 c6 2. d4 d5 3. exd5 cxd5 4. Bd3 Nc6 5. c3 g6 6. Nf3 Nh6 7. Bf4 Bf5 8. 0-0 Bxd3 9. Qxd3 Nf5 10. Nbd2 f6 11. Nb3 b6 12. c4 Bg7 13. Rac1 0-0 14. Rfe1 Rc8 15. c5 Re8 16. cxb6 Qxb6 17. Qd2 g5 18. Bg3 g4 19. Qf4 Nxg3 20. Qxg4 Ne4 21. Qe6+ Kh8 22. Qxd5 Nd6 23. Qe6 Bh6 24. Rc3 Nd8 25. Qh3 Rxc3 26. bxc3 Bg7 27. Nc5 Qc7 28. Qh5 e5 29. Nh4 Qf7 30. Qxf7 N8xf7 31. dxe5 Rxe5 32. Rxe5 Nxe5 33. f4 Nec4 34. Kf2 f5 35. Na4 Bf6 36. Nf3 Nb5 37. Ke2 Nb6 38. Nxb6 Nxc3+ 39. Kd3 axb6 40. a3 Nb5 41. a4 Nc3 42. Kc4 Nxa4 43. Kb5 Nc3+ 44. Kxb6 Nd5+ 45. Kc6 Nxf4 46. g3 Ne2 47. Kd5 Kg7 48. Ke6 Kg6 49. Ne1 Bc3 50. Ng2 Nd4+ 51. Ke5 Nf3+ 52. Ke6 Nxh2 53. Nh4+ Kg5 54. Nxf5 Be1 55. Ke5 Ng4+ 56. Ke4 Nf6+ 57. Ke5 Bc3+ 58. Ke6 Ne4 59. g4 Kxg4 60. Nh6+ Kg5 61. Nf7+ Kf4 62. Nh6 Bg7 63. Nf5 Ng5+ 0-1

[Event "POL-ch sf (Women)"]
[Site "Lubniewice"]
[Date "2002.12.08"]
[Round "9"]
[White "Magnucka, Milena"]
[Black "Jackowska, Aleksandra"]
[Result "1/2-1/2"]
[WhiteElo "2072"]
[BlackElo "2015"]
[PlyCount "77"]
[EventDate "2002.11.30"]
[EventType "swiss"]
[EventRounds "9"]
[EventCountry "POL"]
[SourceTitle "CBM 091 Extra"]
[Source "ChessBase"]
[SourceDate "2003.01.09"]
[SourceVersion "1"]
[SourceVersionDate "2003.01.09"]
[SourceQuality "1"]

1. e4 c6 2. d4 d5 3. Nd2 dxe4 4. Nxe4 Nd7 5. Ng5 Ngf6 6. Bd3 e6 7. N1f3 Bd6 8. 0-0 h6 9. Ne4 Nxe4 10. Bxe4 0-0 11. Qe2 c5 12. h3 Qc7 13. Bd3 Nf6 14. Bd2 a6 15. c4 b6 16. Bc3 Bb7 17. Rfe1 Rad8 18. Rad1 Rfe8 19. dxc5 bxc5 20. Nd2 Bf4 21. Ne4 Nxe4 22. Bxe4 Bxe4 23. Qxe4 Bg5 24. b3 Kh8 25. Qe5 Qxe5 26. Bxe5 Bf6 27. Bc7 Rc8 28. Rd7 Re7 29. Rxe7 Bxe7 30. Ba5 Bf6 31. Rd1 Bd4 32. Rd2 Kg8 33. a3 e5 34. Rc2 Kf8 35. Kf1 Ke7 36. Ke2 Kd6 37. Bd2 Kc6 38. b4 Rb8 39. f3 1/2-1/2

[Event "POL-ch sf (Women)"]
[Site "Lubniewice"]
[Date "2002.12.07"]
[Round "8"]
[White "Jackowska, Aleksandra"]
[Black "Jakubiec, Edyta"]
[Result "0-1"]
[WhiteElo "2015"]
[BlackElo "2250"]
[PlyCount "54"]
[EventDate "2002.11.30"]
[EventType "swiss"]
[EventRounds "9"]
[EventCountry "POL"]
[SourceTitle "CBM 091 Extra"]
[Source "ChessBase"]
[SourceDate "2003.01.09"]
[SourceVersion "1"]
[SourceVersionDate "2003.01.09"]
[SourceQuality "1"]

1. e4 c5 2. Nf3 d6 3. Bb5+ Nc6 4. Bxc6+ bxc6 5. h3 g6 6. 0-0 Bg7 7. Re1 e5 8. d3 Ne7 9. c3 0-0 10. Nbd2 f5 11. exf5 gxf5 12. Nf1 f4 13. N1d2 Kh8 14. Ne4 Nf5 15. Kh2 Rg8 16. Rg1 Qe7 17. g4 fxg3+ 18. Nxg3 Nxg3 19. Rxg3 Bf5 20. Qe2 Bf6 21. Bd2 Qe6 22. Bg5 Rgf8 23. Bxf6+ Qxf6 24. Rag1 Bg6 25. R1g2 Bh5 26. Qe3 Bxf3 27. Rg1 Bh5 0-1

[Event "POL-ch sf (Women)"]
[Site "Lubniewice"]
[Date "2002.12.05"]
[Round "6"]
[White "Jackowska, Aleksandra"]
[Black "Korosciel, Aneta"]
[Result "1/2-1/2"]
[WhiteElo "2015"]
[BlackElo "2041"]
[PlyCount "176"]
[EventDate "2002.11.30"]
[EventType "swiss"]
[EventRounds "9"]
[EventCountry "POL"]
[SourceTitle "CBM 091 Extra"]
[Source "ChessBase"]
[SourceDate "2003.01.09"]
[SourceVersion "1"]
[SourceVersionDate "2003.01.09"]
[SourceQuality "1"]

1. e4 e5 2. Nf3 Nf6 3. Nxe5 d6 4. Nf3 Nxe4 5. Bd3 Nf6 6. 0-0 Nbd7 7. Re1+ Be7 8. c3 Nc5 9. Bc2 Bg4 10. h3 Bh5 11. d4 Ne6 12. Bf5 0-0 13. Bxe6 fxe6 14. Rxe6 Qd7 15. Re1 Nd5 16. Nbd2 Kh8 17. Qe2 Rae8 18. Qe6 Qc6 19. c4 Nb4 20. d5 Qb6 21. Qd7 Bh4 22. Ne4 Bxf3 23. Be3 Qa5 24. gxf3 Nc2 25. b4 Qa3 26. Kh2 Nxa1 27. Rxa1 Qb2 28. Rd1 Qe5+ 29. Kg2 Qf5 30. Qxf5 Rxf5 31. Rd3 Ref8 32. Bd4 Bf6 33. Be3 Be5 34. Bd2 Rd8 35. b5 h6 36. Ra3 Ra8 37. Ra5 a6 38. Be3 Rff8 39. b6 Rac8 40. Ra4 c6 41. dxc6 Rxc6 42. Rb4 Rfc8 43. f4 Bf6 44. Rb1 Be7 45. Nd2 Kg8 46. Kf3 Kf7 47. Ke4 Bf6 48. Rc1 Bb2 49. Rc2 Ba3 50. Kd5 Bc5 51. Rb2 Re8 52. Ne4 Rec8 53. Bxc5 dxc5 54. Nd6+ Rxd6+ 55. Kxd6 Kf6 56. Re2 Rc6+ 57. Kd5 g6 58. Re5 Rxb6 59. Kxc5 Rb2 60. a4 Rxf2 61. Re8 Rh2 62. Kb6 Rb2+ 63. Kc7 Rc2 64. Re4 Kf5 65. Rd4 Rb2 66. a5 Ke6 67. Rd8 Rb4 68. Rg8 Kf6 69. Rb8 Ra4 70. Kb6 Rb4+ 71. Kc5 Rb3 72. Rd8 Rxh3 73. Rd6+ Kf5 74. Rb6 Kxf4 75. Rxb7 g5 76. Rg7 Rb3 77. Rg6 g4 78. Rxa6 g3 79. Rg6 Kf3 80. Rxh6 Kf2 81. Rg6 g2 82. Rxg2+ Kxg2 83. a6 Kf3 84. a7 Ra3 85. Kb6 Ke4 86. c5 Kd5 87. c6 Rxa7 88. Kxa7 Kxc6 1/2-1/2

[Event "POL-ch sf (Women)"]
[Site "Lubniewice"]
[Date "2002.12.01"]
[Round "2"]
[White "Jackowska, Aleksandra"]
[Black "Kupczyk, Edyta"]
[Result "1/2-1/2"]
[WhiteElo "2015"]
[BlackElo "2047"]
[PlyCount "80"]
[EventDate "2002.11.30"]
[EventType "swiss"]
[EventRounds "9"]
[EventCountry "POL"]
[SourceTitle "CBM 091 Extra"]
[Source "ChessBase"]
[SourceDate "2003.01.09"]
[SourceVersion "1"]
[SourceVersionDate "2003.01.09"]
[SourceQuality "1"]

1. e4 c5 2. Nc3 Nc6 3. Bb5 Nd4 4. Bc4 g6 5. Nf3 Bg7 6. Nxd4 cxd4 7. Qf3 e6 8. Nb5 d6 9. Qa3 Be5 10. c3 dxc3 11. dxc3 d5 12. exd5 exd5 13. Bd3 Ne7 14. 0-0 0-0 15. Re1 Nc6 16. Be3 Be6 17. Rad1 Qf6 18. Qa4 a6 19. Nd4 b5 20. Qc2 Rfc8 21. Nf3 Bd6 22. Qd2 b4 23. Bg5 Qh8 24. Bc2 bxc3 25. bxc3 Ne5 26. Nd4 Bg4 27. f3 Bd7 28. Bb3 Nc4 29. Bxc4 Rxc4 30. Be7 Be5 31. Qg5 f6 32. Bxf6 Qxf6 33. Rxe5 Qxg5 34. Rxg5 Rxc3 35. Rxd5 Ba4 36. Rb1 Re8 37. Kf2 Rd3 38. Rd6 Rd2+ 39. Kg3 Rxa2 40. Rxa6 Bc2 1/2-1/2

[Event "POL-ch U16 Girls"]
[Site "Wisla"]
[Date "2000.??.??"]
[Round "7"]
[White "Cagara, Paulina"]
[Black "Jackowska, Aleksandra"]
[Result "1-0"]
[WhiteElo "1800"]
[BlackElo "1800"]
[PlyCount "56"]
[EventDate "2000.02.26"]
[EventType "swiss"]
[EventRounds "11"]
[EventCountry "POL"]
[SourceTitle "EXT 2005"]
[Source "ChessBase"]
[SourceDate "2004.11.15"]
[SourceVersion "1"]
[SourceVersionDate "2004.11.15"]
[SourceQuality "1"]

1. e4 c6 2. d4 d5 3. Nc3 dxe4 4. Nxe4 Nf6 5. Nxf6+ gxf6 6. Bc4 e6 7. Ne2 Na6 8. Be3 b6 9. Ng3 Nb4 10. c3 Nd5 11. Qd2 h6 12. Nh5 Bb7 13. Bxd5 cxd5 14. Bf4 Ba6 15. Rg1 Bd6 16. Bxd6 Qxd6 17. Nxf6+ Kd8 18. g3 e5 19. Ng4 exd4 20. Qxd4 Re8+ 21. Ne3 Kc7 22. 0-0-0 Bb7 23. Nxd5+ Bxd5 24. Qxd5 Qxd5 25. Rxd5 Re2 26. Rf5 Rd8 27. Rxf7+ Rd7 28. Rxd7+ Kxd7 1-0